000 00426nam a2200121Ia 4500
008 220616s9999||||xx |||||||||||||| ||und||
100 _aRappert, Brian
245 0 _aPerforming Deception
_bLearning, Skill and the Art of Conjuring
546 _aEnglish[eng]
650 _adeception; entertainment magic; learning; perception
856 _uhttps://library.oapen.org/bitstream/20.500.12657/55818/1/9781800646926.pdf
942 _cEB
999 _c20600
_d20600